| 000 | 02019cam a2200373 a 4500 | ||
|---|---|---|---|
| 999 |
_c233693 _d233693 |
||
| 001 | 14312758 | ||
| 003 | Nust | ||
| 005 | 20170310104649.0 | ||
| 008 | 060323s2005 nyu 000 1 eng d | ||
| 010 | _a 2005909117 | ||
| 020 | _a9780749936952 | ||
| 035 | _a(OCoLC)ocm62751449 | ||
| 040 |
_aDV1 _cDV1 _dVP@ _dILC _dWVK _dBAKER _dOCLCQ _dIXA _dDLC |
||
| 042 | _alccopycat | ||
| 043 | _an-us-il | ||
| 050 | 0 | 0 |
_aPS3563.C3884 _bE9 2005b |
| 082 | 0 | 0 |
_a813.54 _bMCN |
| 100 | 1 | _aMcNaught, Judith. | |
| 245 | 1 | 0 |
_aEvery breath you take : _ba novel / _cJudith McNaught. |
| 250 | _a1st ed. | ||
| 260 |
_aNew York : _bBallantine Books, _c2005. |
||
| 300 |
_a484 p. ; _c25 cm. |
||
| 520 | _aOn wealthy philanthropist Cecil Wyatt's eightieth birthday, all the money in the world won't bring back his missing grandson, William Wyatt. The family, the police and the media all have tried in vain to discover the young man's fate. Now suspicion has turned shockingly toward William's own half-brother, the rather distant and enigmatic Mitchell Wyatt. Kate Donovan is tagged as a suspect in a high-society murder case, after a chance romantic encounter on a tropical island paradise with Mitchell Wyatt. | ||
| 650 | 0 |
_aRich people _vFiction. |
|
| 650 | 0 |
_aMurder _xInvestigation _vFiction. |
|
| 650 | 0 |
_aMan-woman relationships _vFiction. |
|
| 655 | 7 |
_aSuspense fiction. _2gsafd |
|
| 655 | 7 |
_aLove stories. _2gsafd |
|
| 856 | 4 | 2 |
_3Contributor biographical information _uhttp://www.loc.gov/catdir/enhancements/fy0643/2005909117-b.html |
| 856 | 4 | 2 |
_3Publisher description _uhttp://www.loc.gov/catdir/enhancements/fy0643/2005909117-d.html |
| 856 | 4 | 1 |
_3Sample text _uhttp://www.loc.gov/catdir/enhancements/fy0665/2005909117-s.html |
| 906 |
_a7 _bcbc _ccopycat _d2 _eepcn _f20 _gy-gencatlg |
||
| 942 |
_2ddc _cBK |
||